فى رحاب الامام الشيرازى : (رقم التسجيلة. 88970)

تفاصيل مارك
000 -LEADER
fixed length control field 008350am a2200217 004500
003 - CONTROL NUMBER IDENTIFIER
control field EG-GiCUC
008 - FIXED-LENGTH DATA ELEMENTS--GENERAL INFORMATION
fixed length control field 061113s2000 ua lb g 000 0aara d
040 ## - CATALOGING SOURCE
Original cataloging agency EG-GiCUC
Language of cataloging ara
Transcribing agency EG-GiCUC
092 04 - LOCALLY ASSIGNED DEWEY CALL NUMBER (OCLC)
Classification number 247.1092
Item number R4496
Edition number 21
099 ## - LOCAL FREE-TEXT CALL NUMBER (OCLC)
Classification number 04
-- 247.1092 R4496
245 10 - TITLE STATEMENT
Title فى رحاب الامام الشيرازى :
Remainder of title القائد-الاسوة /
Statement of responsibility, etc. اعداد المؤسسة العالمية لاحياء تراث الامام الشيرازى
250 ## - EDITION STATEMENT
Edition statement ط1
260 ## - PUBLICATION, DISTRIBUTION, ETC.
Place of publication, distribution, etc. بيروت : لبنان :
Name of publisher, distributor, etc. مؤسسة المجتبى :
Date of publication, distribution, etc. 2002
300 ## - PHYSICAL DESCRIPTION
Extent 95 ؛
Dimensions 18سم
650 #7 - SUBJECT ADDED ENTRY--TOPICAL TERM
Topical term or geographic name entry element الشيعة
Form subdivision تراجم
Source of heading or term qrmak
700 0# - ADDED ENTRY--PERSONAL NAME
Personal name المؤسسة العالمية لاحياء تراث الامام الشيرازى
Relator term
902 ## - LOCAL DATA ELEMENT B, LDB (RLIN)
No. of Items 1
905 ## - LOCAL DATA ELEMENT E, LDE (RLIN)
Cataloger الهام
Reviser مدخل
905 ## - LOCAL DATA ELEMENT E, LDE (RLIN)
Cataloger بلتاجى
Reviser مراجع
942 ## - ADDED ENTRY ELEMENTS (KOHA)
Source of classification or shelving scheme Dewey Decimal Classification
Koha item type Books
المقتنيات
Source of classification or shelving scheme Not for loan Home library Current library Date acquired Full call number Barcode Date last seen Copy number Koha item type
Dewey Decimal Classification   المكتبة المركزبة الجديدة - جامعة القاهرة قاعة الكتب - الدور الثاني 11.02.2024 247.1092 R4496 01000100109852000 22.09.2023 C.1 Books
Cairo University Libraries Portal Implemented & Customized by: Eng. M. Mohamady Contacts: new-lib@cl.cu.edu.eg | cnul@cl.cu.edu.eg
CUCL logo CNUL logo
© All rights reserved — Cairo University Libraries
CUCL logo
Implemented & Customized by: Eng. M. Mohamady Contact: new-lib@cl.cu.edu.eg © All rights reserved — New Central Library
CNUL logo
Implemented & Customized by: Eng. M. Mohamady Contact: cnul@cl.cu.edu.eg © All rights reserved — Cairo National University Library